| 000 | 00621nam a2200193Ia 4500 | ||
|---|---|---|---|
| 003 | GCL | ||
| 008 | 140319s9999 xx 000 0 ara d | ||
| 040 |
_aGCL / _cGCL |
||
| 082 | 0 | 4 |
_a823 _bهـ و |
| 100 | 1 | _aعبدالتواب يوسف | |
| 245 | 1 | 0 |
_aوداعا مستر تشيبس / _cعبدالتواب يوسف |
| 700 | 1 | _aجيمس هيلتون | |
| 260 |
_a[S.N] : _bالهيئة القومية للبحث العلمى ، _c1988 |
||
| 300 | _a94 ص | ||
| 490 |
_aالرواية العالمية _v0 |
||
| 650 | 0 | 4 | _aالقصص الانجليزية |
| 650 | 0 | 4 | _aالادب الانجليزى |
| 942 |
_2ddc _cBK |
||
| 999 |
_c27746 _d27746 |
||